02681cam a2200253 a 4500003000900000005001700009008004100026040002800067041000800095100002300103245021700126246018300343260004200526300004500568502014600613520146500759530002202224653001802246653003502264653001302299700004502312700003702357856003302394EG-GiCUC20250223032151.0190120s2018 ua do f m 000 0 eng d aEG-GiCUCbengcEG-GiCUC0 aeng0 aAmira Eid Mohammed10aComparison between pulsed dye laser and combined pulsed dye laser and Nd :YAG laser in the treatment of inflammatory Acne Vulgaris / cAmira Eid Mohammed ; Supervised Manal Mohamed Salah Eldin , Nevien Ahmed Samy15aمقارنة بين الليزر الصبغى النبضى و النودميوم ياج مع الليزر الصبغى النبضى فى علاج حب الشباب الملتهب aCairo : bAmira Eid Mohammed , c2018 a85 P. : bcharts , photographs ; c25cm  aThesis (Ph.D.) - Cairo University - National Institute of Laser Enhanced Science - Department of Laser Applications in Medical and Biological aBackground : Both pulsed dye laser (PDL) and combined 585/1,064- nm (sequential dual-wave-length PDL and Nd:YAG) laser improves inflammatory skin disorders including acne vulgaris. Objective: To compare the efficacy of 585 nm pulsed dye laser versus its sequential combination with pulsed Nd:YAG laser 1064 nm (sequential dual-wave-length PDL and Nd:YAG) in the treatment of acne vulgaris. Patients and method: Thirty patients complaining of moderate or severe acne were treated with a single pass of PDL alone on half of the face and a single pass of combined 585/1064-nm laser on the other half for four treatment sessions at 2 weeks interval. Patients were followed up monthly for 3 months after the final treatment. They were assessed by the count and severity of the acne lesions & digital camera photographs. Results: The study showed that inflammatory acne lesions count was significantly reduced by 82.5% (p0.0001) on PDL-treated sides and by 83.5% (p0.00001) on combined 585/1,064-nm side 8 weeks after treatment start & 88.6% and 88.4%, respectively 12 weeks after treatment start, while reduction of non-inflammatory acne lesions was observed at 8 weeks by 58.4%, 71.5% respectively & after 12 weeks by 65.2%, 77.4% respectively. Although a difference was observed between the two treatment modalities on reduction of acne lesions, but it was not statistically significant. Grade of acne severity also showed significant reduction by both modalities aIssued also as CD 4aAcne vulgaris 4aCombined PDL / Nd:YAG nm laser 4aPDL / Nd0 aManal Mohamed Salah Eldin , eSupervisor0 aNevien Ahmed Samy , eSupervisor uhttp://172.23.153.220/th.pdf